000 00813nam a2200193Ia 4500
001 11015
003 GE_BSU
008 181216s||||||||xx |||||||||||||| ||und||
040 _cGE_BSU
245 _aქართული საბჭოთა პოეზია
245 _cრედ. ა. ადამია; მხატ: ნ. ქართველიშვილი
260 _aთბილისი
260 _bლიტერატურა და ხელოვნება.
260 _c1967.
300 _a150გვ.17სმ.
520 _aირაკლი აბაშიძის, კარლო კალაძის და რევაზ მარგიანის რედაქციით
653 _aქართული საბჭოთა პოეზია
942 _cBK
999 _c44257
_d44257